Are You A Real StrayKids Fan (KPOP QUIZ) - Statistics

General Stats
  • This quiz has been taken 956 times
  • The average score is 10 of 15
Answer Stats
Question Answer % Correct
Which two members were raised in Australia? Bangchan and felix
97%
Which company did stray kids debut under? JYP
96%
How many members were in straykids originally? 9
91%
Which one of these facts is true? Leeknow was a BTS backup dancer
91%
Which of the following members was disqualified on their survival show? Lee know
88%
When did stray kids debut? March 25, 2018
78%
Which one of these songs did bangchan help produce? All Of The Above
73%
What was stray kids debut song? District 9
73%
Which memeber was born on September 22, 2000? Seungmin
68%
What song was straykids first win? Miroh
57%
How old was Hyunjin when stray kids debuted? 18
54%
What the name of the survival show was straykids on? Straykids
54%
How old was I.N during their survival show? 17
46%
Where was backdoor filmed? Shopping Mall
40%
Who is straykids fake maknae? Felix
28%
No matching quizzes found
Score Distribution
Percent of People with Each Score
Percentile by Number Answered
Your Score History
You have not taken this quiz